| 000 | 00445nam a22001697a 4500 | ||
|---|---|---|---|
| 005 | 20220902121021.0 | ||
| 008 | 220902b |||||||| |||| 00| 0 eng d | ||
| 020 | _a0826453899 | ||
| 082 | _a658.022 | ||
| 100 | _aStokes, David | ||
| 245 | _aSmall Business Management:A Case Study Approach | ||
| 250 | _a3rd ed. | ||
| 260 |
_aLondon: _bContinuum, _c2000 |
||
| 300 | _avii, 355p.: ill.; 24cm. | ||
| 521 | _aInclude Index | ||
| 942 |
_2ddc _cBK _n0 |
||
| 999 |
_c21638 _d21638 |
||